• 首页
  • 本馆介绍
  • 公告通知
  • 最新文献
  • 馆藏检索
  • 电子资源
  • 读者导购
  • 参考咨询
  • 我的图书馆
  • 登录
  • 详细信息显示
  • 放入我的书架
  • 预约/预借图书
  • 作者相关作品
  • 分类相关作品
  • 丛书相关作品
  • 出版社相关作品

书目信息

  • 表格格式
  • 工作单格式
  • 卡片格式
题名:
导游地理知识
    
 
作者: 潘安定 , 林媚珍 主编
分册:  
出版信息: 广州   广东旅游出版社  2005
页数: 10,274页
开本: 22cm
丛书名: 导游知识丛书
单 册:
中图分类: K91
科图分类:
主题词: 地理--基本知识--世界
电子资源:
ISBN: 7-80653-554-3
000 01312oam2 2200313 45
001 080000010204
005 20051226153143.35
010    @a7-80653-554-3@dCNY15.00
092    @aCN
100    @a20050607d2005 ekmy0chiy0120 ea
101 0  @achi
102    @aCN@b440000
105    @ay az 000yy
200 1  @a导游地理知识@9dao you di li zhi shi@f潘安定,林媚珍主编@Fpan an ding,lin mei zhen zhu bian
210    @a广州@c广东旅游出版社@d2005
215    @a10,274页@d22cm
225 2  @a导游知识丛书
314    @a林媚珍,女,广东梅县人,硕士,现为广州大学地理系教授,全国生物地理学会理事,广东省地理学会理事。以在《地理学与国土研究》、《地理研究》等国内核心刊物上发表论文35篇。
314    @a潘定安,男,1988年毕业于同济大学海洋地质系,获硕士学位,1995年毕业于兰州大学,获博士学位,现任广州大学地理系主任、教授,中国地理学会理事,广东省地理学会副理事长。
320    @a有书目:第273-274页
330    @a本书主要讲述了中国自然地理概况,中国自然旅游景观,中国人文地理景观,中国旅游分区概述,江南旅游区,华中旅游区欧洲旅游分区,美洲旅游区等相关内容。
461  0 @12001 @a导游知识丛书
606 0  @a地理@x基本知识@y世界
690    @aK91@v4
701  0 @a潘安定@Apan an ding@4主编
701  0 @a林媚珍@Alin mei zhen@4主编
801  0 @aCN@bCXYBOOK@c20051226
905    @a10447@dK91@e108
999    @aLYF@eGLX
    
    导游地理知识/潘安定,林媚珍主编.-广州:广东旅游出版社,2005
    10,274页;22cm.-(导游知识丛书)
    
    
    ISBN 7-80653-554-3:CNY15.00
    本书主要讲述了中国自然地理概况,中国自然旅游景观,中国人文地理景观,中国旅游分区概述,江南旅游区,华中旅游区欧洲旅游分区,美洲旅游区等相关内容。
●
相关链接 在E读中查询图书 在五车中查询图书 在当当中查询图书 在豆瓣中查询图书


正题名:导游地理知识     索取号:K91/108         预约/预借

序号 登录号 条形码 馆藏地/架位号 状态 备注
1 0372631   203726316   第二样本阅览室/ [索取号:K91/108] 在馆    
2 0372632   203726325   第二借阅区/ [索取号:K91/108] 在馆    
3 0372633   203726334   第二借阅区/ [索取号:K91/108] 在馆    
4 0372634   203726343   第二借阅区/ [索取号:K91/108] 在馆    
5 0372635   203726352   第二借阅区/ [索取号:K91/108] 在馆    
唐山师范学院图书馆 欢迎您!
大连网信软件有限公司© 版权所有